Normal view
MARC view
Entry Geographic Name
001 - CONTROL NUMBER
- control field: 5259
003 - CONTROL NUMBER IDENTIFIER
- control field: ARRUPE
005 - DATE AND TIME OF LATEST TRANSACTION
- control field: 20131205184712.0
008 - FIXED-LENGTH DATA ELEMENTS
- fixed length control field: 131205|| aca||aabn | a|a d
040 ## - CATALOGING SOURCE
- Original cataloging agency: ARRUPE
- Transcribing agency: ARRUPE
151 ## - HEADING--GEOGRAPHIC NAME
- Geographic name: Europe
- General subdivision: Politics and government
- Chronological subdivision: 1648-1789.
670 ## - SOURCE DATA FOUND
- Source citation: Work cat.: (ARRUPE)0: Enlightened absolutism :, 1990.